| 000 | 00711nam a22002057a 4500 | ||
|---|---|---|---|
| 005 | 20130702154557.0 | ||
| 010 | _aUR-8464 | ||
| 020 |
_a9788182237209 _c200.00 |
||
| 035 | _aU-7019 | ||
| 037 | _bDBAD/PUB | ||
| 082 | _a841 | ||
| 100 | _aصا بر عمر گا لسو لکر | ||
| 245 |
_aصد ا ئين تيز تھين ليکن _cصا بر عمر گا لسو لکر |
||
| 246 |
_aSadayen Tez Theen Lekin _bby Sabir Umar Galsulkar |
||
| 260 |
_aDelhi _bEducational Publishing House _c2010 |
||
| 270 |
_a3108-Vakil street ,Kucha Pandit,Lal Kuan _b Delhi _e110006 _k23216162,23214465 |
||
| 300 |
_a111ص _b22 cm |
||
| 700 | _dEdited by Chanchal Singh Cheema | ||
| 942 |
_2ddc _cUR _h841 _mص ا ب |
||
| 999 |
_c76752 _d76752 |
||